A Life of Our Tmes/ (Record no. 130333)

MARC details
000 -LEADER
fixed length control field 00652nam a22002297a 4500
005 - DATE AND TIME OF LATEST TRANSACTION
control field 20170124110110.0
010 ## - LIBRARY OF CONGRESS CONTROL NUMBER
LC control number A-947585
020 ## - INTERNATIONAL STANDARD BOOK NUMBER
Terms of availability 00.00
International Standard Book Number 8125015469
035 ## - SYSTEM CONTROL NUMBER
System control number A-947585
037 ## - SOURCE OF ACQUISITION
Source of stock number/acquisition Cen Lib/Ret
040 ## - CATALOGING SOURCE
Original cataloging agency DPL
Language of cataloging EN
082 ## - DEWEY DECIMAL CLASSIFICATION NUMBER
Classification number 920
Item number RAJ
100 ## - MAIN ENTRY--PERSONAL NAME
Personal name Rajeshwar, Dayal
9 (RLIN) 28932
245 ## - TITLE STATEMENT
Title A Life of Our Tmes/
Statement of responsibility, etc by Rajeshwar, Dayal
260 ## - PUBLICATION, DISTRIBUTION, ETC. (IMPRINT)
Place of publication, distribution, etc New Delhi
Name of publisher, distributor, etc Orient Longman
Date of publication, distribution, etc 1998
270 ## - ADDRESS
City New Delhi
Address 1/24 Asif Ali Road
Postal code 110002
300 ## - PHYSICAL DESCRIPTION
Extent 637p.:
Dimensions 22cm(Hb)
Other physical details ill.
500 ## - GENERAL NOTE
General note Includes Index
650 ## - SUBJECT ADDED ENTRY--TOPICAL TERM
Topical term or geographic name as entry element Diplomats' spouses
9 (RLIN) 41653
650 ## - SUBJECT ADDED ENTRY--TOPICAL TERM
Topical term or geographic name as entry element Women diplomats
9 (RLIN) 41654
942 ## - ADDED ENTRY ELEMENTS (KOHA)
Source of classification or shelving scheme Dewey Decimal Classification
Koha item type English Books
Classification part 920
Call number suffix RAJ
Holdings
Withdrawn status Lost status Damaged status Not for loan Home library Current library Date acquired Source of acquisition Cost, normal purchase price Total Checkouts Full call number Barcode Date last seen Copy number Cost, replacement price Price effective from Koha item type Public note
Withdrawn       Central Library Central Library 09/07/2015 Cen Lib/Ret 0.00   920 RAJ A-947585 09/07/2015 1 0.00 09/07/2015 English Books W/d List No. 8134/24; dtd 20.2.2017

© Delhi Public Library
Hit Counter
free hit counter